00454nam a2200157Ia 4500003000400000005001700004008004100021020001800062040000900080082002300089100002300112245008500135250001200220260005500232300000900287OSt20200122130907.0190216s9999||||xx |||||||||||||| ||und|| a9788120309760 coclc a332.6320973bFIS/S aFischer, Donald E  0aSecurity Analysis And Portfolio Management /cDonald E Fischer ; Ronald J Jordan a6th ed. bPrentice Hall Of India Pvt Ltd,c2002.aNew Delhi: a691p